French books - Statistics

General Stats
  • This quiz has been taken 58 times
  • The average score is 7 of 10
Answer Stats
date Hint Title % Correct
1943 A aviator trapped in the desert meets a strange child who asks him to draw a sheep The little prince
90%
1862 The story of Jean Valjean. Also features Cosette, Gavroche, The Thenardiers and Marius. The miserables
90%
1832 A hunchbacked bell-ringer falls in love with a gypsy who is attracted by a captain but the archdeacon of the cathedral Frollo is also deeply obsessed by her. The hunchback of Notre-dame
86%
1942 It takes place in Algeria. The protagonist does not mourn his mother's death and kills a man for no reason The stranger
84%
1857 A bored woman named Emma married to a doctor in Normandy who has 2 lovers Madame Bovary
82%
1872 Fogg an english gentleman bets that he can travel around the world in 80 days Around the world in 80 days
76%
1844 A young man D'artagnan goes on a quest with 3 musketeers in order to save the honour of the queen Anne. The Three Musketeers
76%
1944 3 souls trapped in Hell. "Hell is the others" No exit
40%
1664 A hypocrite religious man manipulates Orgon a head of household in the 17th France Tartuffe or The Hypocrite
32%
1984 A love story in French colonial Vietnam between a 15 years-old girl and a 29 years-old Chinese man. Adapted into a film with the same name with Jane Mach the lover
32%
No matching quizzes found
Score Distribution
Percent of People with Each Score
Percentile by Number Answered
Your Score History
You have not taken this quiz